Réfs de Friends - I, K - Statistiques

Statistiques générales
  • Ce quiz a été pris 47 fois
  • Le résultat moyen est 5 sur 8
Statistiques - réponses
Par images Hint Réponse % Correct
Origines Italien
100%
Chanson de la série I'll Be There for You
90%
Nom de l'actrice Kudrow
85%
Déguisement de Mona à Halloween Infirmière
65%
Prénom inventé par Joey {Ken} Adams
65%
Prénom Kathy
58%
2ème prénom Karen
50%
Ingrédient de Thanksgiving Igname
25%
Aucun quiz correspondant
Distribution des résultats
% des personnes avec chaque résultat
Percentile par nombre de réponses
Votre historique - résultats
Vous n’avez pas pris ce quiz